[Event "EYCC 2024 - G18"]
[Site "?"]
[Date "2024.08.26"]
[Round "5.1"]
[White "Orian, Noga"]
[Black "Muradyan, Anahit"]
[Result "1-0"]
[BlackElo "1753"]
[WhiteElo "2201"]
[LiveChessVersion "1.4.8"]

1. d4 {[%clk 1:30:56]} Nf6 {[%clk 1:30:57]} 2. c4 {[%clk 1:31:20]} e6
{[%clk 1:31:24]} 3. g3 {[%clk 1:31:43]} d5 {[%clk 1:31:26]} 4. Nf3
{[%clk 1:32:04]} c5 {[%clk 1:31:13]} 5. cxd5 {[%clk 1:31:41]} Nxd5
{[%clk 1:31:28]} 6. Bg2 {[%clk 1:29:38]} Nc6 {[%clk 1:30:19]} 7. O-O
{[%clk 1:28:24]} Be7 {[%clk 1:28:45]} 8. dxc5 {[%clk 1:21:28]} Bxc5
{[%clk 1:27:52]} 9. a3 {[%clk 1:21:52]} O-O {[%clk 1:27:15]} 10. b4
{[%clk 1:21:53]} Be7 {[%clk 1:25:55]} 11. Bb2 {[%clk 1:20:08]} Bf6
{[%clk 1:25:08]} 12. Ra2 {[%clk 1:19:38]} Bxb2 {[%clk 1:18:33]} 13. Rxb2
{[%clk 1:20:07]} Qf6 {[%clk 1:18:50]} 14. Rd2 {[%clk 1:20:09]} Nb6
{[%clk 1:14:48]} 15. Qb3 {[%clk 1:14:52]} e5 {[%clk 1:12:31]} 16. Nc3
{[%clk 0:57:09]} Be6 {[%clk 1:12:00]} 17. Qc2 {[%clk 0:57:18]} Rad8
{[%clk 0:57:22]} 18. Ne4 {[%clk 0:49:38]} Qg6 {[%clk 0:56:48]} 19. Nc5
{[%clk 0:48:55]} Bf5 {[%clk 0:42:27]} 20. e4 {[%clk 0:48:01]} Rxd2
{[%clk 0:39:34]} 21. Nxd2 {[%clk 0:48:02]} Bc8 {[%clk 0:39:26]} 22. Ndb3
{[%clk 0:47:18]} Nd7 {[%clk 0:35:57]} 23. b5 {[%clk 0:39:43]} Nd8
{[%clk 0:35:25]} 24. Rd1 {[%clk 0:39:10]} Nxc5 {[%clk 0:33:20]} 25. Qxc5
{[%clk 0:36:41]} Qe6 {[%clk 0:29:44]} 26. Qd5 {[%clk 0:34:58]} b6
{[%clk 0:27:10]} 27. Nc1 {[%clk 0:30:02]} Nb7 {[%clk 0:25:45]} 28. Qc6
{[%clk 0:30:10]} Qxc6 {[%clk 0:16:37]} 29. bxc6 {[%clk 0:30:39]} Nc5
{[%clk 0:17:04]} 30. f4 {[%clk 0:27:22]} f6 {[%clk 0:16:08]} 31. Na2
{[%clk 0:26:52]} Bg4 {[%clk 0:13:51]} 32. Rd6 {[%clk 0:25:53]} Kf7
{[%clk 0:13:34]} 33. Nc3 {[%clk 0:20:13]} Ke7 {[%clk 0:13:42]} 34. Rd2
{[%clk 0:20:41]} Nb3 {[%clk 0:11:12]} 35. Rd5 {[%clk 0:18:52]} Rc8
{[%clk 0:06:16]} 36. fxe5 {[%clk 0:18:35]} Rxc6 {[%clk 0:06:42]} 37. exf6+
{[%clk 0:18:37]} gxf6 {[%clk 0:07:09]} 38. Rd3 {[%clk 0:18:44]} Nc1
{[%clk 0:06:03]} 39. Nd5+ {[%clk 0:19:07]} Kd6 {[%clk 0:06:17]} 40. Rd2
{[%clk 0:19:01]} Ne2+ {[%clk 0:05:33]} 41. Kf2 {[%clk 0:19:03]} Nd4
{[%clk 0:02:13]} 42. Ne3 {[%clk 0:18:38]} Kc5 {[%clk 0:01:27]} 43. Nxg4
{[%clk 0:18:43]} Re6 {[%clk 0:01:52]} 44. Ne3 {[%clk 0:18:26]} b5
{[%clk 0:02:10]} 45. Rd3 {[%clk 0:16:55]} Nc6 {[%clk 0:02:07]} 46. Rd5+
{[%clk 0:14:42]} Kb6 {[%clk 0:02:33]} 47. Bf1 {[%clk 0:13:30]} Rxe4
{[%clk 0:01:31]} 48. Rxb5+ Kc7 {[%clk 0:01:59]} 49. Bg2 {[%clk 0:14:04]} Nd4
{[%clk 0:01:50]} 50. Rc5+ {[%clk 0:14:29]} Kb6 {[%clk 0:02:16]} 51. Rd5
{[%clk 0:14:34]} 1-0

[Event "EYCC 2024 - G18"]
[Site "?"]
[Date "2024.08.26"]
[Round "5.2"]
[White "Siekanska, Maria"]
[Black "Karacsonyi, Kata"]
[Result "1/2-1/2"]
[BlackElo "2184"]
[WhiteElo "2097"]
[LiveChessVersion "1.4.8"]

1. d4 {[%clk 1:31:00]} Nf6 {[%clk 1:30:53]} 2. g3 {[%clk 1:31:15]} e6
{[%clk 1:31:11]} 3. Bg2 {[%clk 1:31:40]} d5 {[%clk 1:31:17]} 4. Nf3
{[%clk 1:32:06]} Nbd7 {[%clk 1:30:46]} 5. O-O {[%clk 1:32:01]} c6
{[%clk 1:30:40]} 6. c4 {[%clk 1:31:49]} dxc4 {[%clk 1:30:44]} 7. Qc2
{[%clk 1:28:11]} b5 {[%clk 1:30:54]} 8. b3 {[%clk 1:28:11]} cxb3 {[%clk 1:30:53]}
9. axb3 {[%clk 1:28:08]} Bb7 {[%clk 1:30:07]} 10. Bb2 {[%clk 1:25:28]} Be7
{[%clk 1:24:00]} 11. Ne1 {[%clk 1:25:28]} Qb6 {[%clk 1:11:07]} 12. Nd3
{[%clk 1:25:26]} Nd5 {[%clk 1:03:03]} 13. Rc1 {[%clk 1:23:21]} O-O
{[%clk 0:48:39]} 14. Nd2 {[%clk 1:10:56]} a5 {[%clk 0:38:27]} 15. Ne4
{[%clk 1:10:27]} Qc7 {[%clk 0:30:15]} 16. h4 {[%clk 1:06:53]} h6 {[%clk 0:28:07]}
17. Ndc5 {[%clk 1:04:56]} Nxc5 {[%clk 0:28:03]} 18. Nxc5 {[%clk 1:05:15]} Bxc5
{[%clk 0:24:17]} 19. Qxc5 {[%clk 1:02:06]} Qd7 {[%clk 0:15:20]} 20. e4
{[%clk 0:56:34]} Nb4 {[%clk 0:14:19]} 21. Qc3 {[%clk 0:56:21]} f6
{[%clk 0:06:20]} 22. Ba3 {[%clk 0:48:28]} Rfd8 {[%clk 0:06:30]} 23. Rd1
{[%clk 0:48:14]} Qe7 {[%clk 0:06:00]} 24. e5 {[%clk 0:44:27]} fxe5
{[%clk 0:05:40]} 25. dxe5 {[%clk 0:44:51]} Qc7 {[%clk 0:02:07]} 26. Bxb4
{[%clk 0:43:02]} axb4 {[%clk 0:02:03]} 27. Qc5 {[%clk 0:43:27]} Rxa1
{[%clk 0:00:42]} 28. Rxa1 {[%clk 0:43:56]} Qd7 {[%clk 0:00:44]} 29. Ra7
{[%clk 0:42:01]} Ra8 {[%clk 0:00:39]} 30. Rxa8+ {[%clk 0:42:05]} Bxa8
{[%clk 0:01:07]} 31. Kh2 {[%clk 0:39:24]} Qc7 {[%clk 0:00:41]} 32. f4
{[%clk 0:38:14]} Qd7 {[%clk 0:00:33]} 33. Qxb4 {[%clk 0:26:52]} c5
{[%clk 0:00:44]} 34. Qxc5 {[%clk 0:27:15]} Bxg2 {[%clk 0:01:11]} 35. Kxg2
{[%clk 0:27:39]} Qd2+ {[%clk 0:01:34]} 36. Qf2 {[%clk 0:25:39]} Qc3
{[%clk 0:00:34]} 37. Qf3 {[%clk 0:25:58]} b4 {[%clk 0:00:33]} 38. h5
{[%clk 0:25:48]} Kf7 {[%clk 0:00:33]} 39. Qd1 {[%clk 0:24:13]} Qc6+
{[%clk 0:00:33]} 40. Kh2 {[%clk 0:24:04]} Ke7 {[%clk 0:00:37]} 41. Qd4
{[%clk 0:23:32]} Qb5 {[%clk 0:00:33]} 42. Qe4 {[%clk 0:21:37]} Qc5
{[%clk 0:00:49]} 43. Qd3 {[%clk 0:17:03]} Qc6 {[%clk 0:00:41]} 44. Qg6
{[%clk 0:14:34]} 1/2-1/2

[Event "EYCC 2024 - G18"]
[Site "?"]
[Date "2024.08.26"]
[Round "5.3"]
[White "Blokhin, Sofia"]
[Black "Tashkinova, Sofiia"]
[Result "0-1"]
[BlackElo "2093"]
[WhiteElo "2052"]
[LiveChessVersion "1.4.8"]

1. d4 {[%clk 1:30:57]} Nf6 {[%clk 1:30:53]} 2. c4 {[%clk 1:31:21]} g6
{[%clk 1:31:18]} 3. Nc3 {[%clk 1:31:40]} Bg7 {[%clk 1:31:43]} 4. e4
{[%clk 1:32:05]} d6 {[%clk 1:32:10]} 5. f3 {[%clk 1:32:24]} O-O {[%clk 1:32:32]}
6. Be3 {[%clk 1:32:47]} c5 {[%clk 1:32:53]} 7. d5 {[%clk 1:31:23]} e6
{[%clk 1:33:11]} 8. Be2 {[%clk 1:25:50]} exd5 {[%clk 1:33:08]} 9. cxd5
{[%clk 1:26:08]} a6 {[%clk 1:32:47]} 10. a4 {[%clk 1:25:21]} Qc7 {[%clk 1:32:10]}
11. Rc1 {[%clk 1:18:43]} Re8 {[%clk 1:29:23]} 12. Qc2 {[%clk 1:09:09]} Nh5
{[%clk 1:20:58]} 13. Qd2 {[%clk 0:59:13]} f5 {[%clk 1:08:14]} 14. exf5
{[%clk 0:45:31]} gxf5 {[%clk 1:03:43]} 15. Nh3 {[%clk 0:40:20]} Nd7
{[%clk 0:57:41]} 16. Ng5 {[%clk 0:36:28]} Nf8 {[%clk 0:52:33]} 17. f4
{[%clk 0:31:02]} Nf6 {[%clk 0:51:23]} 18. O-O {[%clk 0:25:25]} h6
{[%clk 0:47:23]} 19. Nh3 {[%clk 0:24:37]} Qe7 {[%clk 0:37:33]} 20. Bf2
{[%clk 0:23:26]} Bd7 {[%clk 0:35:07]} 21. Rfe1 {[%clk 0:22:56]} Qf7
{[%clk 0:34:11]} 22. Bh4 {[%clk 0:20:54]} Ne4 {[%clk 0:28:05]} 23. Nxe4
{[%clk 0:20:27]} fxe4 {[%clk 0:25:40]} 24. Rf1 {[%clk 0:14:17]} Ng6
{[%clk 0:19:37]} 25. Bh5 {[%clk 0:13:06]} Qf5 {[%clk 0:17:39]} 26. g4
{[%clk 0:12:37]} e3 {[%clk 0:17:44]} 27. Qe2 {[%clk 0:11:58]} Qe4
{[%clk 0:17:57]} 28. Rc4 {[%clk 0:10:23]} Bd4 {[%clk 0:18:02]} 29. Bxg6
{[%clk 0:09:38]} Qxg6 {[%clk 0:18:26]} 30. f5 {[%clk 0:09:54]} Qf7
{[%clk 0:16:50]} 31. Nf4 {[%clk 0:08:43]} b5 {[%clk 0:16:28]} 32. Rxd4
{[%clk 0:07:33]} cxd4 {[%clk 0:16:51]} 33. Nh5 {[%clk 0:07:38]} bxa4
{[%clk 0:14:09]} 34. Nf6+ {[%clk 0:07:56]} Kh8 {[%clk 0:14:32]} 35. Nxd7
{[%clk 0:07:18]} Qxd7 {[%clk 0:14:49]} 36. Bf6+ {[%clk 0:07:41]} Kg8
{[%clk 0:13:30]} 37. Bxd4 {[%clk 0:07:13]} Re4 {[%clk 0:13:03]} 38. Bc3
{[%clk 0:06:20]} Qb5 {[%clk 0:11:54]} 39. Qf3 {[%clk 0:05:58]} e2
{[%clk 0:11:56]} 40. Re1 {[%clk 0:06:18]} Qc4 {[%clk 0:10:26]} 41. h3
{[%clk 0:05:57]} Qxd5 {[%clk 0:07:45]} 42. Qg3 {[%clk 0:05:17]} Rae8
{[%clk 0:05:57]} 43. Qh4 {[%clk 0:05:02]} Re3 {[%clk 0:05:49]} 44. g5
{[%clk 0:04:01]} Qxf5 {[%clk 0:05:08]} 45. gxh6 {[%clk 0:04:01]} Kh7
{[%clk 0:04:27]} 46. Qg4 {[%clk 0:02:20]} Qxg4+ {[%clk 0:03:59]} 47. hxg4
{[%clk 0:02:45]} Rg3+ {[%clk 0:04:09]} 48. Kf2 {[%clk 0:02:56]} Rxg4
{[%clk 0:04:19]} 49. Kf3 {[%clk 0:02:50]} Rge4 {[%clk 0:04:03]} 50. Bd2
{[%clk 0:02:28]} d5 {[%clk 0:03:31]} 51. Rg1 {[%clk 0:02:19]} e1=Q
{[%clk 0:03:11]} 52. Rg7+ {[%clk 0:02:36]} Kh8 {[%clk 0:03:33]} 53. Bxe1
{[%clk 0:02:32]} Rxe1 {[%clk 0:03:56]} 54. Rd7 {[%clk 0:02:50]} Rf1+
{[%clk 0:04:15]} 55. Kg2 {[%clk 0:03:11]} Rf6 {[%clk 0:04:35]} 56. h7
{[%clk 0:03:27]} Rg6+ {[%clk 0:04:58]} 57. Kf3 {[%clk 0:03:48]} Rg7
{[%clk 0:05:15]} 58. Rxd5 {[%clk 0:04:11]} Rxh7 {[%clk 0:05:40]} 59. Rd6
{[%clk 0:04:27]} Rf7+ {[%clk 0:06:04]} 0-1

[Event "EYCC 2024 - G18"]
[Site "?"]
[Date "2024.08.26"]
[Round "5.4"]
[White "Pawicka, Magdalena"]
[Black "Deak-Sala, Emilia"]
[Result "0-1"]
[BlackElo "2037"]
[WhiteElo "1977"]
[LiveChessVersion "1.4.8"]

1. e4 {[%clk 1:30:58]} c5 {[%clk 1:28:50]} 2. Nf3 {[%clk 1:30:49]} Nc6
{[%clk 1:29:16]} 3. d4 {[%clk 1:30:47]} cxd4 {[%clk 1:29:43]} 4. Nxd4
{[%clk 1:31:13]} e6 {[%clk 1:30:08]} 5. Nc3 {[%clk 1:31:20]} Qc7 {[%clk 1:30:30]}
6. f4 {[%clk 1:30:30]} a6 {[%clk 1:30:52]} 7. Nxc6 {[%clk 1:30:22]} Qxc6
{[%clk 1:31:15]} 8. Bd3 {[%clk 1:29:03]} b5 {[%clk 1:31:40]} 9. Qe2
{[%clk 1:27:45]} Bb7 {[%clk 1:32:03]} 10. Bd2 {[%clk 1:26:46]} Bc5
{[%clk 1:32:26]} 11. O-O-O {[%clk 1:24:15]} Ne7 {[%clk 1:32:44]} 12. e5
{[%clk 1:22:08]} Qxg2 {[%clk 1:23:02]} 13. Qxg2 {[%clk 1:10:43]} Bxg2
{[%clk 1:20:28]} 14. Rhe1 {[%clk 1:10:41]} O-O {[%clk 1:05:51]} 15. Be4
{[%clk 1:05:55]} Bxe4 {[%clk 1:06:15]} 16. Nxe4 {[%clk 1:06:00]} Bb6
{[%clk 1:03:41]} 17. Bb4 {[%clk 1:01:43]} Rfe8 {[%clk 1:03:01]} 18. Rxd7
{[%clk 0:57:02]} Nd5 {[%clk 0:59:30]} 19. Bd2 {[%clk 0:55:14]} Red8
{[%clk 0:58:34]} 20. Rxd8+ {[%clk 0:49:52]} Rxd8 {[%clk 0:58:54]} 21. Nc3
{[%clk 0:46:11]} Nxc3 {[%clk 0:40:39]} 22. Bxc3 {[%clk 0:45:43]} Bc5
{[%clk 0:40:27]} 23. Re4 {[%clk 0:35:12]} Rd5 {[%clk 0:38:19]} 24. Bb4
{[%clk 0:26:13]} Rd4 {[%clk 0:19:52]} 25. Rxd4 {[%clk 0:26:15]} Bxd4
{[%clk 0:20:16]} 26. Kd2 {[%clk 0:23:18]} g5 {[%clk 0:20:21]} 27. Bc3
{[%clk 0:14:35]} Bxc3+ {[%clk 0:20:30]} 28. Kxc3 {[%clk 0:09:10]} gxf4
{[%clk 0:20:55]} 29. Kd4 {[%clk 0:08:51]} f6 {[%clk 0:21:17]} 30. exf6
{[%clk 0:06:03]} Kf7 {[%clk 0:21:41]} 31. Ke4 {[%clk 0:05:46]} e5
{[%clk 0:22:07]} 32. a3 {[%clk 0:03:55]} Kxf6 {[%clk 0:22:26]} 33. b3
{[%clk 0:02:59]} Ke6 {[%clk 0:22:49]} 34. h4 {[%clk 0:03:27]} h5 {[%clk 0:22:56]}
35. c3 {[%clk 0:03:50]} Kd6 {[%clk 0:22:55]} 36. b4 {[%clk 0:04:01]} 0-1

[Event "EYCC 2024 - G18"]
[Site "?"]
[Date "2024.08.26"]
[Round "5.5"]
[White "Skarbarchuk, Tetyana"]
[Black "Sereda, Yaroslava"]
[Result "1-0"]
[BlackElo "1972"]
[WhiteElo "2037"]
[LiveChessVersion "1.4.8"]

1. d4 {[%clk 1:30:55]} d5 {[%clk 1:30:53]} 2. c4 {[%clk 1:31:01]} e6
{[%clk 1:31:18]} 3. Nc3 {[%clk 1:31:22]} Nf6 {[%clk 1:31:39]} 4. Bg5
{[%clk 1:31:38]} Be7 {[%clk 1:31:57]} 5. e3 {[%clk 1:31:57]} h6 {[%clk 1:30:15]}
6. Bh4 {[%clk 1:32:09]} O-O {[%clk 1:30:26]} 7. Nf3 {[%clk 1:31:53]} b6
{[%clk 1:30:27]} 8. Be2 {[%clk 1:30:34]} Bb7 {[%clk 1:28:32]} 9. Bxf6
{[%clk 1:29:37]} Bxf6 {[%clk 1:28:41]} 10. cxd5 {[%clk 1:29:58]} exd5
{[%clk 1:27:51]} 11. b4 {[%clk 1:29:43]} Qe7 {[%clk 1:06:09]} 12. Rb1
{[%clk 1:16:56]} Rd8 13. Qb3 {[%clk 1:10:51]} c6 {[%clk 1:00:21]} 14. O-O
{[%clk 1:07:29]} Nd7 {[%clk 0:52:33]} 15. Rfe1 {[%clk 0:45:44]} Nf8
{[%clk 0:49:35]} 16. Rbd1 {[%clk 0:40:22]} Rac8 {[%clk 0:43:09]} 17. Bf1
{[%clk 0:36:42]} Ne6 {[%clk 0:40:05]} 18. e4 {[%clk 0:23:43]} Qc7
{[%clk 0:27:43]} 19. e5 {[%clk 0:17:51]} Be7 {[%clk 0:27:00]} 20. a3
{[%clk 0:16:31]} Ra8 {[%clk 0:23:34]} 21. Bd3 {[%clk 0:14:11]} a5
{[%clk 0:20:02]} 22. Bb1 {[%clk 0:14:14]} axb4 {[%clk 0:19:25]} 23. axb4
{[%clk 0:14:39]} g6 {[%clk 0:15:25]} 24. h4 {[%clk 0:13:02]} h5 {[%clk 0:14:58]}
25. b5 {[%clk 0:09:30]} c5 {[%clk 0:09:49]} 26. dxc5 {[%clk 0:08:55]} Qxc5
{[%clk 0:09:36]} 27. Ne2 {[%clk 0:06:41]} Ra3 {[%clk 0:07:31]} 28. Qb2
{[%clk 0:06:57]} Ra4 {[%clk 0:03:35]} 29. Ned4 {[%clk 0:05:53]} Nxd4
{[%clk 0:03:10]} 30. Nxd4 {[%clk 0:06:18]} Bxh4 {[%clk 0:02:09]} 31. Qd2
{[%clk 0:04:05]} Qe7 {[%clk 0:01:15]} 32. g3 {[%clk 0:01:04]} Bg5
{[%clk 0:01:30]} 33. f4 {[%clk 0:00:48]} Bh6 {[%clk 0:01:51]} 34. Qf2
{[%clk 0:01:15]} Bg7 {[%clk 0:00:36]} 35. f5 {[%clk 0:00:33]} gxf5
{[%clk 0:00:40]} 36. Nxf5 {[%clk 0:00:32]} Qc5 {[%clk 0:00:48]} 37. Re3
{[%clk 0:00:34]} d4 {[%clk 0:00:34]} 38. Nxg7 {[%clk 0:00:59]} Qd5
{[%clk 0:00:34]} 39. Re4 {[%clk 0:01:04]} Kxg7 {[%clk 0:00:40]} 40. Qf6+
{[%clk 0:01:07]} Kg8 {[%clk 0:01:00]} 41. e6 {[%clk 0:00:49]} fxe6
{[%clk 0:01:06]} 42. Rf1 {[%clk 0:00:43]} d3 {[%clk 0:01:09]} 43. Qg6+
{[%clk 0:00:50]} Kh8 {[%clk 0:01:30]} 44. Qh6+ {[%clk 0:00:55]} Kg8
{[%clk 0:01:55]} 45. Qg6+ {[%clk 0:01:22]} Kh8 {[%clk 0:02:22]} 46. Rf7
{[%clk 0:00:50]} Qc5+ {[%clk 0:01:55]} 47. Kh2 {[%clk 0:01:15]} Ra2+
{[%clk 0:00:44]} 48. Bxa2 {[%clk 0:01:32]} Qc2+ {[%clk 0:01:04]} 49. Kh3
{[%clk 0:01:52]} Bxe4 {[%clk 0:00:46]} 50. Qg7# {[%clk 0:02:17]} 1-0

[Event "EYCC 2024 - G18"]
[Site "?"]
[Date "2024.08.26"]
[Round "5.6"]
[White "Hernandez Tellez, Claudia"]
[Black "Weersing, Abigail Riis"]
[Result "0-1"]
[BlackElo "1925"]
[WhiteElo "2025"]
[LiveChessVersion "1.4.8"]

1. e4 {[%clk 1:30:57]} e6 {[%clk 1:30:56]} 2. d4 {[%clk 1:31:21]} d5
{[%clk 1:31:21]} 3. Nd2 {[%clk 1:31:45]} c5 {[%clk 1:31:43]} 4. exd5
{[%clk 1:31:35]} Qxd5 {[%clk 1:32:05]} 5. dxc5 {[%clk 1:31:25]} Bxc5
{[%clk 1:31:32]} 6. Ngf3 {[%clk 1:31:25]} Nc6 {[%clk 1:30:59]} 7. Bc4
{[%clk 1:30:24]} Qd7 {[%clk 1:30:47]} 8. Qe2 {[%clk 1:27:57]} Nf6
{[%clk 1:28:22]} 9. O-O {[%clk 1:25:42]} O-O {[%clk 1:28:06]} 10. a4
{[%clk 1:19:15]} b6 {[%clk 1:19:34]} 11. Nb3 {[%clk 1:17:51]} Bd6
{[%clk 1:17:43]} 12. a5 {[%clk 1:09:27]} bxa5 {[%clk 1:17:23]} 13. Rd1
{[%clk 0:54:34]} Qc7 {[%clk 1:14:57]} 14. Bd2 {[%clk 0:50:44]} Ne5
{[%clk 1:06:22]} 15. Nxa5 {[%clk 0:41:59]} Bd7 {[%clk 0:55:53]} 16. h3
{[%clk 0:37:02]} Nxf3+ {[%clk 0:48:19]} 17. Qxf3 {[%clk 0:37:18]} Bh2+
{[%clk 0:48:02]} 18. Kh1 {[%clk 0:36:48]} Be5 {[%clk 0:48:15]} 19. Bc3
{[%clk 0:32:21]} Bxc3 {[%clk 0:47:50]} 20. Qxc3 {[%clk 0:32:43]} Rac8
{[%clk 0:44:55]} 21. Qf3 {[%clk 0:21:49]} Qb6 {[%clk 0:42:22]} 22. Bb3
{[%clk 0:18:47]} Bb5 {[%clk 0:39:19]} 23. Qf4 {[%clk 0:16:23]} Rc5
{[%clk 0:26:31]} 24. Qd4 {[%clk 0:15:05]} Rfc8 {[%clk 0:21:33]} 25. Qb4
{[%clk 0:07:58]} Rg5 {[%clk 0:13:13]} 26. f4 {[%clk 0:06:46]} Rxg2
{[%clk 0:09:41]} 27. Rd4 {[%clk 0:04:17]} Re2 {[%clk 0:08:31]} 28. Rad1
{[%clk 0:03:29]} h6 {[%clk 0:06:18]} 29. Kg1 {[%clk 0:01:16]} Nd5
{[%clk 0:03:38]} 30. Bxd5 {[%clk 0:01:09]} exd5 {[%clk 0:04:05]} 31. f5
{[%clk 0:00:55]} Rcxc2 {[%clk 0:04:19]} 0-1

[Event "EYCC 2024 - G18"]
[Site "?"]
[Date "2024.08.26"]
[Round "5.7"]
[White "Stepanyan, Alvard"]
[Black "Alexandri, Dimitra"]
[Result "0-1"]
[BlackElo "2008"]
[WhiteElo "1888"]
[LiveChessVersion "1.4.8"]

1. e4 {[%clk 1:30:44]} c5 {[%clk 1:30:45]} 2. Nf3 {[%clk 1:30:59]} d6
{[%clk 1:31:08]} 3. Bb5+ {[%clk 1:31:14]} Nd7 {[%clk 1:31:28]} 4. d4
{[%clk 1:31:25]} cxd4 {[%clk 1:31:51]} 5. Qxd4 {[%clk 1:31:49]} a6
{[%clk 1:32:12]} 6. Bxd7+ {[%clk 1:30:33]} Bxd7 {[%clk 1:32:32]} 7. c4
{[%clk 1:24:25]} Nf6 {[%clk 1:31:05]} 8. Bg5 {[%clk 1:24:04]} e6 {[%clk 1:31:05]}
9. Nc3 {[%clk 1:22:08]} Bc6 {[%clk 1:29:52]} 10. O-O {[%clk 1:20:13]} Be7
{[%clk 1:29:52]} 11. Rad1 {[%clk 1:18:28]} Qc7 {[%clk 1:20:45]} 12. Rfe1
{[%clk 1:14:17]} Rd8 {[%clk 1:15:42]} 13. Nd5 {[%clk 1:02:46]} Bxd5
{[%clk 1:05:07]} 14. exd5 {[%clk 0:46:30]} e5 {[%clk 1:03:59]} 15. Qh4
{[%clk 0:39:11]} O-O {[%clk 0:49:45]} 16. b4 {[%clk 0:34:09]} h6 {[%clk 0:39:48]}
17. Bxh6 {[%clk 0:26:11]} gxh6 {[%clk 0:36:02]} 18. Qxh6 {[%clk 0:26:36]} Nh7
{[%clk 0:35:41]} 19. c5 {[%clk 0:18:35]} Bf6 {[%clk 0:25:36]} 20. Re4
{[%clk 0:13:58]} Bg7 {[%clk 0:23:52]} 21. Rg4 {[%clk 0:11:52]} f5
{[%clk 0:21:40]} 22. Rg3 {[%clk 0:10:13]} Rf6 {[%clk 0:18:47]} 23. Qh4
{[%clk 0:09:58]} f4 {[%clk 0:16:51]} 24. Rh3 {[%clk 0:05:31]} Rh6
{[%clk 0:16:11]} 25. Qg4 {[%clk 0:05:54]} Rxh3 {[%clk 0:16:16]} 26. Qxh3
{[%clk 0:06:20]} dxc5 {[%clk 0:06:54]} 27. bxc5 {[%clk 0:06:47]} Qd7
{[%clk 0:06:52]} 28. Qh4 {[%clk 0:06:37]} Rc8 {[%clk 0:06:57]} 29. c6
{[%clk 0:02:34]} bxc6 {[%clk 0:06:34]} 30. d6 {[%clk 0:03:01]} Rd8
{[%clk 0:05:45]} 31. Ng5 {[%clk 0:02:12]} Bf6 {[%clk 0:04:44]} 32. Qxh7+
{[%clk 0:02:38]} Qxh7 {[%clk 0:05:06]} 33. Nxh7 {[%clk 0:03:07]} Kxh7
{[%clk 0:05:26]} 34. d7 {[%clk 0:03:04]} Kg7 {[%clk 0:05:07]} 35. Kf1
{[%clk 0:02:21]} a5 {[%clk 0:04:12]} 36. Ke2 {[%clk 0:01:21]} Kf7
{[%clk 0:03:43]} 37. Rd6 {[%clk 0:01:37]} c5 {[%clk 0:02:58]} 38. Rd5
{[%clk 0:01:31]} a4 {[%clk 0:02:01]} 39. Rxc5 {[%clk 0:01:38]} Rxd7
{[%clk 0:02:29]} 40. Rc4 {[%clk 0:02:02]} a3 {[%clk 0:02:39]} 41. f3
{[%clk 0:00:45]} Rb7 {[%clk 0:02:48]} 42. Kd3 {[%clk 0:00:57]} Rb2
{[%clk 0:02:18]} 43. Rc2 {[%clk 0:01:24]} Rb4 {[%clk 0:01:02]} 44. Rc4
{[%clk 0:00:44]} Rb1 {[%clk 0:00:43]} 45. g3 {[%clk 0:00:34]} Rb2
{[%clk 0:00:54]} 46. Rc2 {[%clk 0:00:59]} e4+ {[%clk 0:01:11]} 47. fxe4
{[%clk 0:01:25]} f3 {[%clk 0:01:36]} 48. Rc1 {[%clk 0:01:04]} Rxa2
{[%clk 0:01:54]} 49. e5 {[%clk 0:00:48]} Bg5 {[%clk 0:01:40]} 50. Rf1
{[%clk 0:00:54]} f2 {[%clk 0:02:05]} 51. Kc3 {[%clk 0:00:34]} Be3
{[%clk 0:01:42]} 52. Kd3 {[%clk 0:00:32]} Bc5 {[%clk 0:01:43]} 53. h4
{[%clk 0:00:00]} 0-1

[Event "EYCC 2024 - G18"]
[Site "?"]
[Date "2024.08.26"]
[Round "5.8"]
[White "Zelbova, Lada"]
[Black "Keskin, Elif"]
[Result "1/2-1/2"]
[BlackElo "1790"]
[WhiteElo "1983"]
[LiveChessVersion "1.4.8"]

1. d4 {[%clk 1:30:55]} d5 {[%clk 1:30:55]} 2. Bf4 {[%clk 1:29:29]} Nf6
{[%clk 1:30:49]} 3. e3 {[%clk 1:29:17]} e6 {[%clk 1:29:15]} 4. Nd2
{[%clk 1:28:22]} Bd6 {[%clk 1:28:39]} 5. Bg3 {[%clk 1:27:45]} Qe7
{[%clk 1:19:48]} 6. Ngf3 {[%clk 1:26:31]} O-O {[%clk 1:18:11]} 7. Bd3
{[%clk 1:25:09]} c5 {[%clk 1:15:24]} 8. c3 {[%clk 1:25:10]} Nc6 {[%clk 1:15:08]}
9. Ne5 {[%clk 1:16:30]} Nd7 {[%clk 0:58:21]} 10. Nxd7 {[%clk 0:47:46]} Bxd7
{[%clk 0:57:26]} 11. Bxd6 {[%clk 0:43:33]} Qxd6 {[%clk 0:57:49]} 12. dxc5
{[%clk 0:41:38]} Qxc5 {[%clk 0:56:31]} 13. Bxh7+ {[%clk 0:40:01]} Kxh7
{[%clk 0:39:18]} 14. Qh5+ {[%clk 0:40:20]} Kg8 {[%clk 0:39:41]} 15. Ne4
{[%clk 0:40:31]} Qb5 {[%clk 0:33:46]} 16. Ng5 {[%clk 0:39:58]} Rfd8
{[%clk 0:32:54]} 17. Qxf7+ {[%clk 0:38:28]} Kh8 {[%clk 0:33:20]} 18. Qg6
{[%clk 0:30:49]} Kg8 {[%clk 0:32:38]} 19. f4 {[%clk 0:29:28]} Qxb2
{[%clk 0:29:20]} 20. O-O {[%clk 0:23:00]} Qxc3 {[%clk 0:27:49]} 21. Qf7+
{[%clk 0:16:08]} Kh8 {[%clk 0:28:12]} 22. Qh5+ {[%clk 0:14:52]} Kg8
{[%clk 0:28:36]} 23. Qf7+ {[%clk 0:14:12]} 1/2-1/2

[Event "EYCC 2024 - G18"]
[Site "?"]
[Date "2024.08.26"]
[Round "5.9"]
[White "Tokarz, Izabela"]
[Black "Vasylchuk, Diana"]
[Result "1-0"]
[BlackElo "1983"]
[WhiteElo "1941"]
[LiveChessVersion "1.4.8"]

1. d4 {[%clk 1:30:59]} d5 {[%clk 1:30:47]} 2. c4 {[%clk 1:31:24]} Nc6
{[%clk 1:30:53]} 3. cxd5 {[%clk 1:26:11]} Qxd5 {[%clk 1:31:01]} 4. e3
{[%clk 1:24:25]} e5 {[%clk 1:29:41]} 5. Nc3 {[%clk 1:24:51]} Bb4 {[%clk 1:30:04]}
6. a3 {[%clk 1:25:08]} Bxc3+ {[%clk 1:29:29]} 7. bxc3 {[%clk 1:25:36]} Nf6
{[%clk 1:23:47]} 8. c4 {[%clk 1:21:44]} Qd6 {[%clk 1:24:00]} 9. d5
{[%clk 1:22:09]} Ne7 {[%clk 1:23:53]} 10. a4 {[%clk 1:09:16]} O-O
{[%clk 1:18:24]} 11. Ba3 {[%clk 1:00:19]} Qd8 {[%clk 1:18:46]} 12. h3
{[%clk 1:00:32]} Re8 {[%clk 1:18:17]} 13. Nf3 {[%clk 0:58:47]} Ng6
{[%clk 1:13:36]} 14. Qb3 {[%clk 0:55:51]} Ne4 {[%clk 1:01:12]} 15. Bd3
{[%clk 0:42:39]} Nxf2 {[%clk 1:00:01]} 16. Kxf2 {[%clk 0:40:49]} e4
{[%clk 1:00:16]} 17. Bxe4 {[%clk 0:38:37]} Rxe4 {[%clk 1:00:32]} 18. Rhf1
{[%clk 0:29:15]} Nh4 {[%clk 0:58:03]} 19. Kg1 {[%clk 0:29:33]} Nf5
{[%clk 0:54:15]} 20. Rae1 {[%clk 0:29:30]} Qe8 {[%clk 0:49:17]} 21. Ng5
{[%clk 0:22:03]} Re5 {[%clk 0:39:35]} 22. e4 {[%clk 0:14:51]} Nd4
{[%clk 0:27:34]} 23. Qg3 {[%clk 0:11:44]} f6 {[%clk 0:26:46]} 24. Nf3
{[%clk 0:11:51]} Nxf3+ {[%clk 0:27:00]} 25. Rxf3 {[%clk 0:11:14]} Qg6
{[%clk 0:21:19]} 26. Qxe5 {[%clk 0:10:03]} Bg4 {[%clk 0:21:07]} 27. Qg3
{[%clk 0:10:05]} Bxf3 {[%clk 0:21:25]} 28. Qxg6 {[%clk 0:10:27]} hxg6
{[%clk 0:21:53]} 29. gxf3 {[%clk 0:10:52]} Re8 {[%clk 0:22:12]} 30. Kf2
{[%clk 0:11:03]} Re5 {[%clk 0:22:23]} 31. c5 {[%clk 0:11:29]} Kf7
{[%clk 0:22:49]} 32. Rb1 {[%clk 0:11:43]} b6 {[%clk 0:23:06]} 33. cxb6
{[%clk 0:12:12]} axb6 {[%clk 0:23:23]} 34. Rc1 {[%clk 0:12:39]} f5
{[%clk 0:23:32]} 35. Rxc7+ {[%clk 0:13:08]} Ke8 {[%clk 0:23:51]} 36. Bd6
{[%clk 0:13:14]} 1-0